| 000 | 00965nam a2200277Ia 4500 | ||
|---|---|---|---|
| 001 | Para_986 | ||
| 003 | CHAP | ||
| 008 | 220125s1984 xx 000 0 und d | ||
| 010 | _a199741 | ||
| 040 | _cCHAP | ||
| 090 | _aPA TESIS 952 | ||
| 100 |
_aCarrillo Ramirez, Humberto _919530 |
||
| 245 |
_aAnalisis de accion conjunta de insecticidas en larvas de gusano cogollero del maíz Spodotera frugiperda (J.E. Smith) (Lipidoptera : _b Noctuidae) / _c por Humberto Carrillo Ramirez |
||
| 260 |
_aChapingo, Méx. : _b el autor |
||
| 300 | _a82 h. | ||
| 502 | _aTesis (M.C. Esp. en Entomología) CP Centro de Entomología y Acarología | ||
| 650 |
_aGusano cogollero del maíz Maíz _x Plagas _9164917 |
||
| 710 |
_aUACh Departamento Parasitología Agrícola _9164542 |
||
| 901 | _aPA TESIS 952 | ||
| 902 | _aA | ||
| 905 | _a0000001984 0000000000 00 | ||
| 910 | _a1984 | ||
| 942 | _cPARA | ||
| 942 |
_cPARA _d1 |
||
| 999 |
_c199741 _d199741 |
||